| 000 | 01391nam0a2200373 4500 | ||
|---|---|---|---|
| 001 | RU\NLR\BIBL_A\012243101 | ||
| 005 | 20250810073525.0 | ||
| 035 | _a(NLR Aleph) 012243101 | ||
| 090 |
_a11041865 _c11041865 |
||
| 100 | _a20200311d1942 k y0rusy50 ca | ||
| 101 | 0 | _arus | |
| 102 | _aRU | ||
| 105 | _aac z 000 y | ||
| 181 | 0 |
_ai _baxxe |
|
| 182 | 0 | _an | |
| 200 | 1 |
_aFreigemachtes Grenzland _eErlebnisberichte _fvon Günther Rumler und Otto Holzmann |
|
| 203 |
_aТекст _bвизуальный _cнепосредственный |
||
| 210 |
_aBerlin _cNordland- Verl. _dcop. 1942 |
||
| 215 |
_a205 с., [18] л. ил., портр. _cил. _d21 |
||
| 300 | _aНа пер. авт. не указан | ||
| 541 | 1 | _aОсвобожденная пограничная страна. Воспоминания | |
| 606 | 1 |
_aВторая мировая война _yФранция _z1939 - 1945 _9982324 _3RU\NLR\AUTH\6651591 |
|
| 606 | 1 |
_aПолиция _xИстория _yГермания _92529764 _3RU\NLR\AUTH\661498495 |
|
| 686 | 1 | _aТ3(4Фр)62,02 | |
| 686 | 1 | _aХ819(4Г)112.011 | |
| 700 | 1 |
_aRumler _bG. _gGünther |
|
| 701 | 1 |
_aHolzmann _bO. _gOtto |
|
| 852 |
_aNLR _jТР-15/145 |
||
| 942 | _cBOOK | ||
| 945 | _aРоссийская национальная библиотека | ||
| 980 | _aBV | ||
| 980 | _aNB | ||